000 01001nam a2200229Ia 4500
003 Ost
005 20260507075100.0
008 260507s9999||||xx |||||||||||||| ||und||
020 _a5045249957
040 _cfsecg
041 _aara
082 _a658
100 _aالزعبي، هيثم
_eمؤلف
245 0 _aتطبيقات ألفا في الإدارة :
_bتخصصات-الإدارة-التسويق-إدارة المستودعات /
_c هيثم الزعبي
260 _aعمان:
_bدار صفاء,
_c2002
300 _a268 صفحة؛
_bإيضاحات ؛
_c24 سم
520 _aنظام الرواتب وشؤون الموظفين،نظام المستودعات والمبيعات، نظام المشتريات(الطلبيات)، نظام العملاء، نظام الإنتاج، نظام الشبكات
653 _aإدارة الأعمال
653 _aالبرمجة الخطية
700 _aابو الزيت، حسن وآخرون
_eمؤلف ثانوي
942 _cكتاب
999 _c42783
_d42783